| 000 | 00612nam a2200229Ia 4500 | ||
|---|---|---|---|
| 003 | OSt | ||
| 005 | 20230511155917.0 | ||
| 008 | 210423s2014 xx 000 0 und d | ||
| 020 | _a978-1-4496-8843-1 | ||
| 040 | _cAL | ||
| 041 | _aeng | ||
| 082 | _a616.07 CROW | ||
| 100 |
_aCROWLEY (Leonard V) _9103799 |
||
| 245 | _aEssentials of human disease Ed 2 | ||
| 260 |
_aAmerica _bJones & Bartlett Publishers _c2014 |
||
| 300 |
_axxi,550 _bPB |
||
| 365 |
_b4076.1 _cUSD |
||
| 650 |
_aDiseases _9103800 |
||
| 650 |
_aMedical Sciences _9103801 |
||
| 906 | _adisease ; Ed ; Essentials ; human | ||
| 942 |
_2ddc _cBK |
||
| 999 |
_c166096 _d166096 |
||